البديع في علم البديع / (رقم التسجيلة. 86378)

تفاصيل مارك
000 -الفاتح
عناصر البيانات ثابتة الطول 00869cam a2200205 i 4500
005 - تاريخ ووقت آخر معاملة
حقل ضبط 20260217093501.0
008 - عناصر البيانات ثابتة الطول
عناصر البيانات ثابتة الطول 250721s2002 ua gr 000 0 ara d
020 ## - الترقيم الدولي المعياري للكتب (ردمك)
الترقيم الدولي المعياري للكتب (ردمك) 9773272478
082 14 - رقم تصنيف ديوي العشري
رقم التصنيف 414.3
رقم المادة م ع ط
100 1# - مدخل رئيسي – اسم شخصي
الاسم الشخصي إبن معطي، أبو الحسن زين الدين
علاقة الشخص بالعمل/ دوره مؤلف.
245 12 - بيان العنوان
العنوان البديع في علم البديع /
بيان المسؤولية يحيى بن معطي ؛ تحقيق ودراسة دكتور محمد مصطفى أبو شوارب ؛ راجعه وقدم له مصطفى الصاوي الجويني.
250 ## - بيان الطبعة
بيان الطبعة الطبعة الأولى.
264 31 - بيانات النشر، التوزيع…إلخ
مكان النشر، التوزيع...إلخ الإسكندرية :
اسم الناشر، الموزع...إلخ دار الوفاء لدنبا الطباعة والنشر،
تاريخ النشر، التوزيع...إلخ 2002.
300 ## - الوصف المادي
عدد الوحدات المكونة للوعاء 295 صفحة.
650 17 - مدخل إضافي بالموضوع - مصطلح موضوعي
مصطلح موضوعي أو اسم جغرافي كعنصر مدخل البلاغة.
653 ## - رأس موضوع – غير مقيد
المصطلح / رأس الموضوع غير المقيد علم البديع
700 1# - مدخل إضافي - اسم شخصي
الاسم الشخصي أبو شوارب، محمد
علاقة الشخص بالعمل/ دوره محقق
942 ## - بيانات إضافية (كوها)
نوع التنصيف Dewey Decimal Classification
نوع المادة (كوها) كتب
المقتنيات
حالة السحب حالة الفقدان مصدر التصنيف حالة التلف غير قابل للإعارة المكتبة الرئيسية المكتبة الحالية موقع الرف تاريخ التزويد الرقم المتسلسل Total Checkouts رقم الإستدعاء الباركود تاريخ آخر ظهور تاريخ الفاتورة نوع المادة (كوها)
    Dewey Decimal Classification     المكتبة المركزية المكتبة المركزية الإعارة 28/07/2025 1626688   414.3 / م ع ط PLD00390408 28/07/2025 28/07/2025 كتب
Implemented & Customized by: BBB with SCIT (Smart Chains for Information Technology)

Powered by Koha